|
|
|
|
| LEADER |
01329nam a2200301 a 4500 |
| 001 |
c000029948 |
| 003 |
CARM |
| 005 |
00000000000000.0 |
| 008 |
s1 36 e ka 00110 eng d |
| 019 |
1 |
|
|a 9284887
|z 12616125
|5 LACONCORD2021
|
| 035 |
|
|
|a (OCoLC)1912541
|5 LACONCORD2021
|
| 040 |
|
|
|a CLONE
|c VU
|
| 100 |
1 |
|
|a Say, M. G.
|q (Maurice George),
|d 1902-
|
| 245 |
1 |
4 |
|a The performance and design of alternating current machines :
|b transformers, three phase induction motors and synchronous machines /
|c by M.G. Say and E.N. Pink.
|
| 260 |
|
|
|a London :
|b Pitman,
|c 1936.
|
| 300 |
|
|
|a xvi, 552 p. :
|b ill., 3 plans (folded) ;
|c 22 cm.
|
| 440 |
|
0 |
|a Pitman's engineering degree series
|
| 500 |
|
|
|a A companion volume to A.E. Clayton's The performance and design of direct current machines. -- London, 1927.
|
| 500 |
|
|
|a Includes index.
|
| 650 |
|
0 |
|a Electric machinery
|x Alternating current.
|
| 650 |
|
0 |
|a Electric transformers.
|
| 650 |
|
0 |
|a Electric motors, Induction.
|
| 650 |
|
0 |
|a Electric motors, Synchronous.
|
| 700 |
1 |
|
|a Pink, E. N.
|q (Edward Nicholas)
|
| 852 |
8 |
|
|b CARM
|h A2:AI36A0
|i B04398
|p 0199727
|f BK
|
| 082 |
0 |
4 |
|a 621.313
|2 19
|
| 999 |
f |
f |
|i afafb26f-141f-5ad1-82ef-b97664a8e877
|s 92e70bf5-8469-5f83-920c-bd67d7575941
|
| 952 |
f |
f |
|p Can circulate
|a CAVAL
|b CAVAL
|c CAVAL
|d CARM 1 Store
|e B04398
|f A2:AI36A0
|h Other scheme
|i book
|m 0199727
|